[Event "XXIII Festival A"]
[Site "Porto San Giorgio ITA"]
[Date "2011.08.28"]
[Round "9"]
[White "Moroni, Luca jr"]
[Black "Balzano, Filli"]
[Result "1/2-1/2"]
[WhiteElo "1964"]
[BlackElo "1822"]
[PlyCount "139"]
[EventDate "2011.08.21"]

1. e4 c6 2. d4 d5 3. exd5 cxd5 4. Bd3 Nc6 5. c3 Nf6 6. Bf4 Bg4 7. Ne2 e6 8. f3
Bh5 9. Qd2 Bd6 10. O-O Bg6 11. Bxd6 Qxd6 12. Nf4 O-O 13. Na3 a6 14. Rae1 b5 15.
Nc2 Na5 16. Bxg6 hxg6 17. Nd3 Nc4 18. Qf2 Nd7 19. Ne3 Rfc8 20. f4 f6 21. g3 Kf7
22. Re2 Qb6 23. Qf3 Qd6 24. Nxc4 bxc4 25. Ne5+ Nxe5 26. fxe5 Qd8 27. exf6 gxf6
28. Rfe1 Rc6 29. Qf4 Rb6 30. h4 Qb8 31. Qg4 f5 32. Qg5 Qd8 33. Qf4 Rab8 34. Qe5
Qd6 35. Qxd6 Rxd6 36. Rh2 Rh8 37. Ree2 Rb6 38. Kf1 Kg7 39. Ke1 a5 40. a3 a4 41.
Kf1 Kf6 42. Kf2 Rb7 43. Kf3 Rbh7 44. Kf4 Rb7 45. Rd2 Rbh7 46. Rdf2 Rb7 47. g4
Rbh7 48. g5+ Ke7 49. Kg3 Kd6 50. Re2 Kd7 51. Rh3 Kd6 52. Reh2 Rh5 53. Kf4 R8h7
54. Kg3 Rh8 55. Re2 Rb8 56. Rh1 Rb7 57. Rhe1 Re7 58. Re5 Rh8 59. Rh1 Rh5 60.
Rh2 Rb7 61. Rh1 Rbh7 62. Rhe1 Re7 63. R1e2 Rh8 64. Rf2 Rh5 65. Ree2 Reh7 66.
Rh2 Rb7 67. Rd2 Re7 68. Rde2 Rb7 69. Kf4 Rbh7 70. Kg3 1/2-1/2

[Event "XXIII Festival A"]
[Site "Porto San Giorgio ITA"]
[Date "2011.08.28"]
[Round "9"]
[White "Movileanu, Daniela"]
[Black "Mandolini, Riccardo"]
[Result "1/2-1/2"]
[WhiteElo "1931"]
[BlackElo "2119"]
[PlyCount "35"]
[EventDate "2011.08.21"]

1. e4 Nc6 2. Nf3 e5 3. Bb5 Nf6 4. O-O Nxe4 5. d4 Be7 6. Qe2 d5 7. Nxe5 Bd7 8.
Nxd7 Qxd7 9. Re1 Nd6 10. Bxc6 bxc6 11. Bd2 f6 12. Bb4 Kf7 13. Nc3 a5 14. Ba3
Rhe8 15. Na4 Bf8 16. Qh5+ Kg8 17. Nc5 Qf7 18. Qxf7+ 1/2-1/2

[Event "XXIII Festival A"]
[Site "Porto San Giorgio ITA"]
[Date "2011.08.28"]
[Round "9"]
[White "Paduano, Gennaro"]
[Black "Crafa, Carmine"]
[Result "1-0"]
[WhiteElo "1859"]
[BlackElo "1805"]
[PlyCount "73"]
[EventDate "2011.08.21"]

1. Nf3 d5 2. c4 dxc4 3. e3 Nf6 4. Bxc4 e6 5. Nc3 a6 6. a3 c5 7. d4 b5 8. Ba2
Bb7 9. O-O Nc6 10. dxc5 Bxc5 11. Qe2 O-O 12. Rd1 Qc7 13. b4 Be7 14. Bb2 Rfd8
15. Rac1 Rxd1+ 16. Nxd1 Qd8 17. Nc3 Rc8 18. h3 Rc7 19. Bb1 Nb8 20. Nd4 Nbd7 21.
Rd1 Qc8 22. Ba2 Rxc3 23. Bxc3 Qxc3 24. Nxe6 Qc6 25. Nf4 Nb6 26. f3 g6 27. e4
Kg7 28. Nd3 Nc4 29. Rc1 Qb6+ 30. Kh1 Nxa3 31. Ne5 Bxb4 32. Nxf7 Bc5 33. g4 a5
34. e5 Nd5 35. Ng5 Nf4 36. Qd2 Be3 37. Qd7+ 1-0

[Event "XXIII Festival A"]
[Site "Porto San Giorgio ITA"]
[Date "2011.08.28"]
[Round "9"]
[White "Paganini, Andrea"]
[Black "Marigo, Narciso"]
[Result "0-1"]
[WhiteElo "1852"]
[BlackElo "1989"]
[PlyCount "70"]
[EventDate "2011.08.21"]

1. e4 d6 2. d4 Bd7 3. Nf3 Nc6 4. c4 e5 5. d5 Nce7 6. Bg5 Qc8 7. Nc3 Ng6 8. Be2
Be7 9. Be3 Nf6 10. h3 a6 11. Qd2 Qd8 12. b4 O-O 13. g4 c6 14. g5 Nh5 15. Nh2
Nhf4 16. Bf1 Bxg5 17. Nf3 Bh6 18. h4 Bg4 19. Nh2 Nxh4 20. Rg1 Bf3 21. Rg3 Nfg2+
22. Bxg2 Nxg2+ 23. Rxg2 Bxg2 24. Bxh6 gxh6 25. Qxh6 f5 26. exf5 Qf6 27. Qe3
Qxf5 28. O-O-O Kh8 29. dxc6 Bxc6 30. Rd2 Qf4 31. Qh3 Rf6 32. Nf1 Rg8 33. Ng3
Rh6 34. Qf1 Rxg3 35. Nd1 Rc3+ 0-1

[Event "XXIII Festival A"]
[Site "Porto San Giorgio ITA"]
[Date "2011.08.28"]
[Round "9"]
[White "Panada, Valter"]
[Black "De Nisi, Giuseppe"]
[Result "1/2-1/2"]
[WhiteElo "1902"]
[BlackElo "1818"]
[PlyCount "155"]
[EventDate "2011.08.21"]

1. e4 e6 2. d4 d5 3. Nc3 Nf6 4. Bg5 Be7 5. e5 Nfd7 6. h4 a6 7. Qd2 c5 8. O-O-O
cxd4 9. Qxd4 Bxg5+ 10. hxg5 Qxg5+ 11. f4 Qe7 12. Kb1 Nc6 13. Qf2 b5 14. Nf3 Bb7
15. Bd3 h6 16. Rhe1 Nc5 17. f5 O-O-O 18. Nd4 Nxd4 19. Qxd4 Nxd3 20. Qxd3 Kb8
21. Rf1 Qg5 22. fxe6 fxe6 23. Qd4 Rc8 24. Rf7 Rhf8 25. Rdf1 Rxf7 26. Rxf7 Qxg2
27. a3 Qg6 28. Rd7 Rc6 29. Qh4 Qg1+ 30. Ka2 g5 31. Qxh6 Qc5 32. Qxg5 Qc4+ 33.
Kb1 d4 34. Qd8+ Bc8 35. Rxd4 Qc5 36. Re4 Qa7 37. Qd4 Qh7 38. Rh4 Qc7 39. Qe3
Rc5 40. Rh5 Bd7 41. Qd4 Bc8 42. Qe4 Bb7 43. Rh8+ Ka7 44. Qf4 Qxe5 45. Qf2 Qxh8
46. Qxc5+ Ka8 47. Qd6 e5 48. a4 bxa4 49. Nxa4 Qh1+ 50. Ka2 Qd5+ 51. Qxd5 Bxd5+
52. Kb1 Kb7 53. Kc1 Kc6 54. Kd2 Be4 55. c4 Bg6 56. Ke3 Bc2 57. Nc3 Kc5 58. Kd2
Bb3 59. Kd3 Bxc4+ 60. Kc2 Be6 61. Kd3 Bf5+ 62. Kd2 Kc4 63. Na4 Kb3 64. Nc5+
Kxb2 65. Nxa6 Kb3 66. Ke3 Kc4 67. Nc7 Kc5 68. Ne8 Kd5 69. Nf6+ Ke6 70. Ne8 Kd7
71. Nf6+ Ke6 72. Ne8 Bg6 73. Nc7+ Kd6 74. Nb5+ Kc5 75. Nc3 Kc4 76. Ne4 Kd5 77.
Nf6+ Ke6 78. Ng4 1/2-1/2

[Event "XXIII Festival A"]
[Site "Porto San Giorgio ITA"]
[Date "2011.08.28"]
[Round "9"]
[White "Papa, Angelo"]
[Black "Mastroddi, Giuseppe"]
[Result "1-0"]
[WhiteElo "1848"]
[BlackElo "1732"]
[PlyCount "105"]
[EventDate "2011.08.21"]

1. d4 Nf6 2. c4 d6 3. Nc3 g6 4. e4 Bg7 5. f3 O-O 6. Bg5 Nbd7 7. Nh3 c5 8. d5 a6
9. a4 Rb8 10. Qd2 Ne5 11. Nf2 e6 12. Be2 Qa5 13. O-O exd5 14. exd5 Bf5 15. Rfd1
Qc7 16. h3 Rfe8 17. f4 Ned7 18. g4 Bxg4 19. hxg4 h6 20. Bh4 Nh7 21. Bg3 Bd4 22.
Kg2 Nhf6 23. Bf3 Re7 24. Ne2 Be3 25. Qd3 Rbe8 26. g5 hxg5 27. fxg5 Nh7 28. Ne4
Bxg5 29. Bxd6 Qd8 30. Bxe7 Qxe7 31. N2g3 Ne5 32. Qe2 f5 33. d6 Qd7 34. Nxc5 Qc8
35. d7 Nxd7 36. Bd5+ Kh8 37. Ne6 Nc5 38. Qe5+ Bf6 39. Qc7 Nxe6 40. Qxc8 Nf4+
41. Kf3 Rxc8 42. Kxf4 Bg5+ 43. Kf3 b6 44. Rh1 Kg7 45. Rae1 Nf8 46. Re2 Rd8 47.
Rhe1 b5 48. axb5 axb5 49. b3 Rd7 50. Re8 Ra7 51. Ra8 Rc7 52. Ree8 Be7 53. Ne2
1-0

[Event "XXIII Festival A"]
[Site "Porto San Giorgio ITA"]
[Date "2011.08.28"]
[Round "9"]
[White "Piantieri, Guido"]
[Black "Benaglia, Giovanni"]
[Result "0-1"]
[WhiteElo "1853"]
[BlackElo "1978"]
[PlyCount "27"]
[EventDate "2011.08.21"]

1. e4 g6 2. d4 Bg7 3. Nf3 d6 4. Nc3 Nd7 5. Bc4 e6 6. O-O a6 7. Bg5 Ne7 8. a4 b6
9. Qd2 h6 10. Bf4 Bb7 11. Rfe1 c5 12. Bg3 Nf6 13. e5 Nh5 14. exd6 {...} 0-1

[Event "XXIII Festival A"]
[Site "Porto San Giorgio ITA"]
[Date "2011.08.28"]
[Round "9"]
[White "Pienabarca, Nicola"]
[Black "Cantoro, Daniele"]
[Result "0-1"]
[WhiteElo "2110"]
[BlackElo "1999"]
[PlyCount "106"]
[EventDate "2011.08.21"]

1. d4 d5 2. Nf3 Nc6 3. c4 Bg4 4. cxd5 Bxf3 5. dxc6 Bxc6 6. Nc3 e6 7. f3 Bb4 8.
e4 f5 9. Bc4 fxe4 10. O-O exf3 11. Bxe6 Qf6 12. Nd5 Bxd5 13. Bxd5 O-O-O 14.
Rxf3 Qd6 15. Bb3 Nf6 16. a3 Bc5 17. Be3 Ng4 18. Bf4 Bxd4+ 19. Kh1 Be5 20. Qxd6
Rxd6 21. Re1 Bxf4 22. Rxf4 Nf6 23. Re7 Re8 24. Rxe8+ Nxe8 25. Rf8 Kd8 26. h3
Rf6 27. Rh8 h6 28. Bd5 c6 29. Bf3 Ke7 30. Bh5 Rf8 31. Rxf8 Kxf8 32. Kg1 Nd6 33.
b3 Nb5 34. a4 Nd4 35. Bd1 Ke7 36. Kf2 Kd6 37. Ke3 Ke5 38. b4 g5 39. Kd3 Nf5 40.
Bh5 Nh4 41. g3 Nf5 42. g4 Ne7 43. Kc4 Nd5 44. Kc5 Nf4 45. Be8 Nxh3 46. a5 Nf4
47. a6 Ne6+ 48. Kc4 b5+ 49. Kc3 Kd6 50. Kd3 Nc7 51. Bf7 Ke5 52. Kc3 Nxa6 53.
Be8 Kd6 0-1

[Event "XXIII Festival A"]
[Site "Porto San Giorgio ITA"]
[Date "2011.08.28"]
[Round "9"]
[White "Piro, Valerio"]
[Black "Borgiani, Flavio"]
[Result "0-1"]
[WhiteElo "2008"]
[BlackElo "2156"]
[PlyCount "68"]
[EventDate "2011.08.21"]

1. e4 e6 2. d4 c5 3. c3 d5 4. exd5 exd5 5. Nf3 Nc6 6. Bg5 Qb6 7. Qd2 h6 8. Be3
c4 9. Bf4 Nf6 10. Qc1 Bf5 11. Be2 O-O-O 12. O-O g5 13. Be5 Nxe5 14. Nxe5 Be6
15. b3 cxb3 16. axb3 Kb8 17. Nd2 Bd6 18. c4 Qxd4 19. Nd3 Bg4 20. Qd1 Bxe2 21.
Qxe2 dxc4 22. Nxc4 Bxh2+ 23. Kxh2 Qh4+ 24. Kg1 Ng4 25. Qxg4 Qxg4 26. Nde5 Qh5
27. Ra5 Rd1 28. f3 Rxf1+ 29. Kxf1 Rd8 30. Ke2 Qh1 31. Ne3 Qc1 32. Ra2 f5 33.
Rc2 Qg1 34. Nxf5 Qd1+ 0-1

[Event "XXIII Festival A"]
[Site "Porto San Giorgio ITA"]
[Date "2011.08.28"]
[Round "9"]
[White "Piva, Giorgio"]
[Black "Rinaudo, Andrea"]
[Result "1-0"]
[WhiteElo "2204"]
[BlackElo "2090"]
[PlyCount "97"]
[EventDate "2011.08.21"]

1. d4 d5 2. Bf4 Nf6 3. e3 g6 4. Nf3 Bg7 5. Be2 O-O 6. O-O c5 7. c3 Nc6 8. Nbd2
b6 9. Ne5 Bb7 10. Nxc6 Bxc6 11. Be5 Qd7 12. a4 Bh6 13. h3 Ne8 14. b4 f6 15. Bh2
cxb4 16. cxb4 Nd6 17. Qb3 e6 18. b5 Bb7 19. Qa3 Rfd8 20. Bxd6 Qxd6 21. a5 Qxa3
22. Rxa3 Bf8 23. Ra2 bxa5 24. Nb3 a6 25. Rfa1 Bb4 26. Nxa5 Bxa5 27. bxa6 Bxa6
28. Rxa5 Bb7 29. Ra7 Rdb8 30. h4 h5 31. Bd3 f5 32. Kh2 Rxa7 33. Rxa7 Bc6 34.
Kg3 Rb7 35. Rxb7 Bxb7 36. Kf4 Kf7 37. Kg5 Bc6 38. f3 Be8 39. g4 Kg7 40. gxh5
gxh5 41. f4 Bf7 42. Be2 Be8 43. Bxh5 Ba4 44. Bg6 Bb5 45. h5 Bd7 46. h6+ Kh8 47.
Kf6 Bc8 48. Bf7 Kh7 49. Bxe6 1-0

[Event "XXIII Festival A"]
[Site "Porto San Giorgio ITA"]
[Date "2011.08.28"]
[Round "9"]
[White "Plances, Giuseppe"]
[Black "Ghidinelli, Giorgio"]
[Result "1/2-1/2"]
[WhiteElo "1734"]
[BlackElo "1913"]
[PlyCount "64"]
[EventDate "2011.08.21"]

1. d4 Nf6 2. c4 g6 3. Nc3 Bg7 4. e4 d6 5. f3 O-O 6. Be3 Nbd7 7. Qd2 e5 8. d5
Kh8 9. Bh6 Ng8 10. Bxg7+ Kxg7 11. h4 Ndf6 12. g4 h5 13. g5 Ne8 14. Bh3 f5 15.
gxf6+ Qxf6 16. Bxc8 Rxc8 17. O-O-O Qf4 18. Rf1 Qxd2+ 19. Kxd2 c6 20. Nh3 Rf6
21. f4 exf4 22. Rxf4 Nc7 23. Rhf1 Rcf8 24. Ke3 Nh6 25. b4 Ng4+ 26. Kd4 Rxf4 27.
Rxf4 Rxf4 28. Nxf4 Kf6 29. c5 dxc5+ 30. bxc5 Ne5 31. Ng2 Nf3+ 32. Ke3 Ne5
1/2-1/2

[Event "XXIII Festival A"]
[Site "Porto San Giorgio ITA"]
[Date "2011.08.28"]
[Round "9"]
[White "Proietti, Tosca"]
[Black "Briffault, Philippe"]
[Result "1/2-1/2"]
[WhiteElo "1821"]
[BlackElo "1955"]
[PlyCount "99"]
[EventDate "2011.08.21"]

1. e4 Nf6 2. e5 Nd5 3. d4 d6 4. Nf3 dxe5 5. Nxe5 c6 6. Be2 Bf5 7. a3 Nd7 8. Nf3
e6 9. O-O Be7 10. c4 N5f6 11. Nc3 a5 12. Be3 O-O 13. Nh4 Bg6 14. Nxg6 hxg6 15.
Qc2 Qc7 16. Rac1 Nh5 17. d5 e5 18. dxc6 bxc6 19. Bxh5 gxh5 20. Qe2 Nf6 21. h3
Rab8 22. Bg5 g6 23. Rfe1 e4 24. Rc2 Rfe8 25. Nxe4 Nxe4 26. Bxe7 Rxe7 27. f3
Rbe8 28. fxe4 Qf4 29. Qf3 Qe5 30. Qd3 Qc5+ 31. Qe3 Qxe3+ 32. Rxe3 Rxe4 33. Rxe4
Rxe4 34. Kf2 a4 35. Kf3 f5 36. c5 Kf7 37. Rc3 Ke6 38. Rd3 g5 39. Rd6+ Ke5 40.
Rxc6 g4+ 41. hxg4 hxg4+ 42. Kg3 Kd5 43. Rc8 Re2 44. c6 Rxb2 45. c7 Rb3+ 46. Kf4
Kd6 47. Ra8 Kxc7 48. Rxa4 Rb2 49. Kxf5 Rxg2 50. Rxg4 1/2-1/2

[Event "XXIII Festival A"]
[Site "Porto San Giorgio ITA"]
[Date "2011.08.28"]
[Round "9"]
[White "Ragonese, Lucio Rosario"]
[Black "Abbatantuono, Oscar"]
[Result "1-0"]
[WhiteElo "1969"]
[BlackElo "1827"]
[PlyCount "69"]
[EventDate "2011.08.21"]

1. d4 Nf6 2. Nf3 e6 3. Bg5 c5 4. c3 b6 5. e3 Bb7 6. Nbd2 Be7 7. Bd3 h6 8. Bxf6
Bxf6 9. Ne4 Be7 10. Qa4 O-O 11. O-O c4 12. Bb1 Qc7 13. Ned2 d6 14. Re1 Bxf3 15.
Nxf3 Nd7 16. Qc2 Nf6 17. g4 e5 18. g5 hxg5 19. Nxg5 Rfe8 20. f3 exd4 21. cxd4
d5 22. Qg2 Bd6 23. Bc2 Re7 24. Re2 c3 25. b3 Rae8 26. Rae1 b5 27. Kf2 Qb6 28.
Rg1 Nh5 29. Qg4 g6 30. Nh3 Ng7 31. Ng5 Nh5 32. Nxf7 Rxf7 33. Qxh5 Rg7 34. Rxg6
Ree7 35. Qxd5+ 1-0

[Event "XXIII Festival A"]
[Site "Porto San Giorgio ITA"]
[Date "2011.08.28"]
[Round "9"]
[White "Renzetti, Leonardo"]
[Black "Martorelli, Angelo"]
[Result "1-0"]
[WhiteElo "1805"]
[BlackElo "1812"]
[PlyCount "109"]
[EventDate "2011.08.21"]

1. d4 d5 2. Nf3 e6 3. e3 Nf6 4. Bd3 c5 5. c3 Nc6 6. Nbd2 Bd7 7. Qe2 c4 8. Bc2
b5 9. a3 a5 10. e4 h6 11. O-O Be7 12. e5 Ng8 13. Re1 b4 14. axb4 axb4 15. Rxa8
Qxa8 16. Nf1 b3 17. Bb1 Kd8 18. Ng3 g6 19. Be3 Kc7 20. h4 Qd8 21. h5 g5 22. Nd2
f5 23. f4 g4 24. Rd1 Be8 25. Nxc4 dxc4 26. Qxc4 Qd5 27. Qxd5 exd5 28. Bxf5 Bd7
29. Ra1 Bd8 30. Bxd7 Kxd7 31. Ra3 Na5 32. Kf2 Ne7 33. f5 Nec6 34. f6 Ke6 35.
Nf1 Bc7 36. Nd2 Bb6 37. Nxb3 Nxb3 38. Rxb3 Rb8 39. Ra3 Nxe5 40. dxe5 Bxe3+ 41.
Kxe3 Rxb2 42. Ra6+ Kxe5 43. f7 Rb8 44. Rxh6 Rf8 45. Rh7 Kf5 46. Kd4 Kf4 47. Rg7
Kf5 48. g3 Kf6 49. Rxg4 Ke7 50. Rg7 Rh8 51. g4 Kf8 52. Rg8+ Rxg8 53. fxg8=Q+
Kxg8 54. Kxd5 Kh7 55. c4 1-0

[Event "XXIII Festival A"]
[Site "Porto San Giorgio ITA"]
[Date "2011.08.28"]
[Round "9"]
[White "Sagripanti, Michele"]
[Black "Giancotti, Eraldo"]
[Result "0-1"]
[WhiteElo "1990"]
[BlackElo "2070"]
[PlyCount "64"]
[EventDate "2011.08.21"]

1. e4 e6 2. d4 g6 3. Bd3 Bg7 4. Ne2 Nf6 5. h4 Nc6 6. c3 e5 7. Nd2 d5 8. Bb5 Bd7
9. exd5 Nxd5 10. Ne4 exd4 11. Qb3 dxc3 12. Qxd5 cxb2 13. Bxb2 Bxb2 14. Rd1 Qe7
15. Rd2 Bg7 16. O-O O-O-O 17. Rb1 Bf5 18. Bxc6 bxc6 19. Qxc6 Rxd2 20. Qa6+ Kd7
21. Qb5+ Kd8 22. Nc5 Qxe2 23. Nb7+ Kc8 24. Nd6+ cxd6 25. Qc6+ Kd8 26. Rb8+ Ke7
27. Rb7+ Ke6 28. Qd7+ Ke5 29. Rb5+ Rd5 30. Qe7+ Be6 31. Qg5+ f5 32. Rb4 Qe1+
0-1

[Event "XXIII Festival A"]
[Site "Porto San Giorgio ITA"]
[Date "2011.08.28"]
[Round "9"]
[White "Salami, Marco"]
[Black "Vuelban, Virgilio"]
[Result "0-1"]
[WhiteElo "2166"]
[BlackElo "2357"]
[PlyCount "37"]
[EventDate "2011.08.21"]

1. d4 Nf6 2. c4 g6 3. Nc3 d5 4. cxd5 Nxd5 5. e4 Nxc3 6. bxc3 Bg7 7. Bc4 c5 8.
Ne2 O-O 9. O-O Nc6 10. Be3 Qc7 11. Rc1 Rd8 12. Bf4 Be5 13. Bxe5 Nxe5 14. Bd5 e6
15. dxe5 exd5 16. exd5 Qxe5 17. c4 b5 18. Nc3 bxc4 19. Qa4 {...} 0-1

[Event "XXIII Festival A"]
[Site "Porto San Giorgio ITA"]
[Date "2011.08.28"]
[Round "9"]
[White "Sbraccia, Giovanni"]
[Black "Pescatore, Lorenzo"]
[Result "0-1"]
[WhiteElo "2017"]
[BlackElo "2121"]
[PlyCount "92"]
[EventDate "2011.08.21"]

1. Nf3 c5 2. g3 g6 3. Bg2 Bg7 4. O-O Nc6 5. c4 e5 6. Nc3 Nge7 7. d3 O-O 8. a3
d6 9. Bd2 a5 10. Rb1 Rb8 11. Nb5 h6 12. e4 Be6 13. Ne1 f5 14. Nc2 fxe4 15. Bxe4
Bh3 16. Re1 Nf5 17. Ne3 Nfd4 18. Bc3 Nxb5 19. cxb5 Nd4 20. Bxd4 cxd4 21. Nd5
Be6 22. Rc1 Bxd5 23. Bxd5+ Kh7 24. Re2 Qb6 25. a4 h5 26. Rec2 Qd8 27. Rc7 Qf6
28. R1c2 b6 29. Qe2 Kh8 30. R2c6 Bh6 31. Rd7 Rbd8 32. Rcxd6 Qxd6 33. Rxd6 Rxd6
34. Qxe5+ Rdf6 35. Qc7 Rxf2 36. Qe5+ Bg7 37. Qe4 Kh7 38. b3 R2f6 39. Kg2 Rc8
40. Bc4 Rd8 41. Qe7 Rdf8 42. Bd5 Rf2+ 43. Kh3 Rd2 44. Qe4 Rff2 45. g4 Rxh2+ 46.
Kg3 h4+ 0-1

[Event "XXIII Festival A"]
[Site "Porto San Giorgio ITA"]
[Date "2011.08.28"]
[Round "9"]
[White "Scalcione, Michelangelo"]
[Black "Romanishin, Oleg M."]
[Result "1-0"]
[WhiteElo "2337"]
[BlackElo "2526"]
[PlyCount "72"]
[EventDate "2011.08.21"]

1. Nf3 Nf6 2. c4 e6 3. Nc3 Bb4 4. Qc2 c5 5. a3 Ba5 6. g3 Nc6 7. Bg2 O-O 8. O-O
d6 9. b3 e5 10. e3 Bg4 11. h3 Bxc3 12. dxc3 Bxf3 13. Bxf3 e4 14. Bxe4 Nxe4 15.
Qxe4 Qd7 16. Qg2 Rae8 17. e4 Re6 18. Bf4 Rfe8 19. Rad1 h6 20. g4 Rxe4 21. Bxd6
Qe6 22. Bg3 Qf6 23. Rd3 Na5 24. Rb1 b6 25. Kh2 Qg6 26. Rd6 R4e6 27. Rxe6 Qxe6
28. Qd5 Qe2 29. Qd7 Re6 30. Qd8+ Re8 31. Qd7 Re6 32. Qd8+ Kh7 33. Qd5 Rf6 34.
Kg2 Qc2 35. Re1 Nxb3 36. Re8 Nc1 1-0

[Event "XXIII Festival A"]
[Site "Porto San Giorgio ITA"]
[Date "2011.08.28"]
[Round "9"]
[White "Stella, Andrea"]
[Black "Zamengo, Fulvio"]
[Result "1-0"]
[WhiteElo "2412"]
[BlackElo "2007"]
[PlyCount "109"]
[EventDate "2011.08.21"]

1. d4 Nf6 2. c4 c5 3. d5 b5 4. cxb5 a6 5. bxa6 Bxa6 6. Nc3 d6 7. e4 Bxf1 8.
Kxf1 g6 9. g3 Bg7 10. Kg2 O-O 11. Nge2 Nbd7 12. Qc2 Qa5 13. Rb1 Ne8 14. Bg5 f6
15. Bd2 Nc7 16. a4 Qa7 17. Be3 Qa5 18. Bd2 Qa7 19. b3 f5 20. Nf4 Qb7 21. Nb5
Nxb5 22. axb5 fxe4 23. Qxe4 e5 24. Ne2 Nf6 25. Qc4 Qxd5+ 26. Qxd5+ Nxd5 27.
Rbd1 Rfb8 28. Bg5 Nc7 29. Rxd6 Nxb5 30. Rd7 Ra7 31. Rxa7 Nxa7 32. Rc1 Rb5 33.
Nc3 Rxb3 34. Ne4 Rb8 35. Rxc5 Rc8 36. Rd5 h6 37. Bf6 Bxf6 38. Nxf6+ Kf7 39. Ng4
h5 40. Nxe5+ Kf6 41. f4 Rc2+ 42. Kh3 Nc8 43. Ra5 Ne7 44. Ra6+ Kf5 45. Nf3 Ke4
46. Nh4 Nd5 47. Re6+ Kd4 48. Nf3+ Kc5 49. Ne5 Kd4 50. Nxg6 Ne3 51. Ne5 Nf1 52.
Nf3+ Kd5 53. Re5+ Kd6 54. Rxh5 Rf2 55. Nh4 1-0

[Event "XXIII Festival A"]
[Site "Porto San Giorgio ITA"]
[Date "2011.08.28"]
[Round "9"]
[White "Stella, Luca"]
[Black "Ripa', Daniele"]
[Result "1/2-1/2"]
[WhiteElo "2090"]
[BlackElo "1966"]
[PlyCount "53"]
[EventDate "2011.08.21"]

1. e4 c5 2. Nf3 e6 3. d4 cxd4 4. Nxd4 a6 5. Nc3 Qc7 6. Bd3 Nc6 7. Be3 Nf6 8.
O-O Ne5 9. Be2 b5 10. f4 Nc4 11. Bxc4 Qxc4 12. e5 Nd5 13. Nxd5 Qxd5 14. Nb3 Bb7
15. Qe2 Rc8 16. Na5 Ba8 17. Nb3 h5 18. Rad1 Qe4 19. c3 h4 20. Rd4 Qf5 21. Rfd1
Rc7 22. Qd2 Bd5 23. Rxd5 exd5 24. Qxd5 f6 25. Qa8+ Kf7 26. Qxa6 Qe4 27. Bb6
1/2-1/2

[Event "XXIII Festival A"]
[Site "Porto San Giorgio ITA"]
[Date "2011.08.28"]
[Round "9"]
[White "Stips, Felix"]
[Black "Pascucci, Marco"]
[Result "0-1"]
[WhiteElo "2213"]
[BlackElo "2091"]
[PlyCount "27"]
[EventDate "2011.08.21"]

1. Nf3 Nf6 2. c4 g6 3. Nc3 Bg7 4. d4 O-O 5. e4 d6 6. Be2 Nc6 7. O-O e5 8. d5
Ne7 9. Ne1 Ne8 10. Nd3 f5 11. b4 f4 12. Bg4 h5 13. Bxc8 Qxc8 14. f3 0-1

[Event "XXIII Festival A"]
[Site "Porto San Giorgio ITA"]
[Date "2011.08.28"]
[Round "9"]
[White "Tazzioli, Luca"]
[Black "Di Muccio, Lindoro"]
[Result "0-1"]
[WhiteElo "1838"]
[BlackElo "1964"]
[PlyCount "120"]
[EventDate "2011.08.21"]

1. e4 c5 2. d3 d6 3. Nf3 Nf6 4. g3 b6 5. Bg2 Bb7 6. O-O e6 7. Re1 Be7 8. Nbd2
O-O 9. a4 Nc6 10. c3 Qc7 11. Qe2 Rad8 12. h4 Ba6 13. Nf1 Ne5 14. Nxe5 dxe5 15.
Rd1 Rd7 16. f4 Rfd8 17. fxe5 Ne8 18. c4 Bxc4 19. Ra3 f6 20. Rc3 Ba6 21. Bh3
Qxe5 22. Bf4 Qd4+ 23. Be3 Qd6 24. Bf4 Qc6 25. b4 b5 26. axb5 Bxb5 27. Qg4 Rxd3
28. Rcxd3 Rxd3 29. Qxe6+ Qxe6 30. Bxe6+ Kf8 31. Rxd3 Bxd3 32. bxc5 Bxc5+ 33.
Ne3 Bxe4 34. Kf1 Ke7 35. Bb3 Bd6 36. Bxd6+ Nxd6 37. Kf2 a5 38. Nd1 f5 39. Nc3
Kf6 40. Ke3 Ke5 41. Bg8 h6 42. h5 Ne8 43. Bf7 Nf6 44. Ne2 a4 45. Nc3 Bd5 46.
Nxd5 Nxd5+ 47. Kd3 a3 48. Kc2 Ke4 49. Kb3 a2 50. Kxa2 Nc3+ 51. Kb2 Ne2 52. Kc2
Nxg3 53. Kd2 f4 54. Bg6+ Kf3 55. Be8 Kf2 56. Bf7 f3 57. Be8 Kg1 58. Ke3 f2 59.
Bb5 Nxh5 60. Ke4 f1=Q 0-1

[Event "XXIII Festival A"]
[Site "Porto San Giorgio ITA"]
[Date "2011.08.28"]
[Round "9"]
[White "Tomasini, Giovanni"]
[Black "Luzi, Alessandro"]
[Result "1-0"]
[WhiteElo "1982"]
[BlackElo "1920"]
[PlyCount "85"]
[EventDate "2011.08.21"]

1. e4 c6 2. d4 d5 3. Nc3 dxe4 4. Nxe4 Bf5 5. Ng3 Bg6 6. Nf3 Nd7 7. h4 h6 8. h5
Bh7 9. Bd3 Bxd3 10. Qxd3 e6 11. Bd2 Ngf6 12. Qe2 Qc7 13. O-O-O O-O-O 14. c4 c5
15. Bc3 Bd6 16. Ne5 Rhf8 17. Nxd7 Rxd7 18. d5 exd5 19. Bxf6 gxf6 20. Rxd5 Bf4+
21. Kb1 Rxd5 22. cxd5 Qe5 23. Qxe5 fxe5 24. Ne4 b6 25. g3 Bg5 26. g4 f6 27. Ng3
Rd8 28. Nf5 Rd7 29. Kc2 Kd8 30. Rd1 Bf4 31. f3 a6 32. a4 Kc7 33. d6+ Kb7 34.
Kd3 b5 35. axb5 axb5 36. Ke4 Kc6 37. Ne7+ Kb6 38. Kf5 Bg5 39. Ke6 Rd8 40. Nf5
Kc6 41. d7 Kc7 42. Ke7 c4 43. Rd5 1-0

[Event "XXIII Festival A"]
[Site "Porto San Giorgio ITA"]
[Date "2011.08.28"]
[Round "9"]
[White "Tortolini, Francesco"]
[Black "Spano' Cuomo, Gaetano"]
[Result "1-0"]
[WhiteElo "1918"]
[BlackElo "1805"]
[PlyCount "95"]
[EventDate "2011.08.21"]

1. e4 d6 2. d4 Nf6 3. Nc3 e6 4. Nf3 Be7 5. Bd3 c5 6. O-O Nc6 7. Be3 cxd4 8.
Nxd4 O-O 9. f4 Nb4 10. Be2 e5 11. Nb3 Be6 12. a3 Nc6 13. f5 Bd7 14. Qe1 Kh8 15.
Rd1 a6 16. g4 Ne8 17. Qd2 h6 18. Rf3 Bg5 19. Rh3 Kg8 20. Rh5 Nf6 21. Bxg5 hxg5
22. Rxg5 Nd4 23. Nxd4 exd4 24. Qxd4 Bc6 25. Bf3 Re8 26. Qxd6 Qxd6 27. Rxd6 Bxe4
28. Bxe4 Nxe4 29. Nxe4 Rxe4 30. f6 g6 31. h3 Rae8 32. Rd2 Rf4 33. Rf2 Rxf2 34.
Kxf2 Re6 35. Rd5 Rxf6+ 36. Kg3 Kg7 37. c4 Rb6 38. b4 Kf6 39. Kf4 Re6 40. g5+
Kg7 41. Rd7 Rb6 42. Ke5 Re6+ 43. Kd5 Re3 44. Rxb7 Rxa3 45. c5 Rxh3 46. c6 Rh5
47. c7 Rxg5+ 48. Kd6 1-0

[Event "XXIII Festival A"]
[Site "Porto San Giorgio ITA"]
[Date "2011.08.28"]
[Round "9"]
[White "Voltolini, Giuseppe"]
[Black "Vincenzi, Marco"]
[Result "1/2-1/2"]
[WhiteElo "2229"]
[BlackElo "2108"]
[PlyCount "71"]
[EventDate "2011.08.21"]

1. e4 e5 2. Nf3 Nc6 3. Bc4 Nf6 4. O-O Bc5 5. c3 Nxe4 6. d4 d5 7. Bb5 exd4 8.
Ne5 Bd7 9. Nxf7 Qf6 10. Nxh8 O-O-O 11. Qf3 Qxf3 12. gxf3 Nd6 13. Bxc6 bxc6 14.
cxd4 Bxd4 15. Nc3 Rxh8 16. Be3 Bb6 17. Rad1 Rf8 18. Rfe1 Bh3 19. Bd4 Nf5 20.
Bxb6 axb6 21. Rd3 g5 22. b4 Nh4 23. Re7 Nxf3+ 24. Kh1 h5 25. b5 Bf1 26. Rxf3
Rxf3 27. bxc6 Kd8 28. Nxd5 Bh3 29. Rg7 Be6 30. Nxc7 Bc4 31. Nd5 Bxd5 32. Rd7+
Kc8 33. Rxd5 g4 34. Rxh5 Rxf2 35. Rg5 Rxa2 36. Rxg4 1/2-1/2

[Event "XXIII Festival A"]
[Site "Porto San Giorgio ITA"]
[Date "2011.08.28"]
[Round "9"]
[White "White, Kevin D."]
[Black "Cocuzzi, Edoardo"]
[Result "1-0"]
[WhiteElo "2104"]
[BlackElo "1926"]
[PlyCount "123"]
[EventDate "2011.08.21"]

1. c4 e5 2. g3 d6 3. Bg2 Nc6 4. Nc3 Bd7 5. d3 Qc8 6. a3 Nf6 7. Bg5 Be7 8. Nf3
h6 9. Bd2 Bh3 10. O-O Nh7 11. Nd5 Bxg2 12. Kxg2 Ng5 13. Ng1 Ne6 14. e3 O-O 15.
b4 Bd8 16. f4 exf4 17. gxf4 Ne7 18. Qh5 c6 19. Nxe7+ Bxe7 20. f5 Ng5 21. e4 Qd8
22. Qg4 Kh8 23. h4 Nh7 24. Nf3 Bf6 25. Rab1 Rg8 26. Kh3 Be5 27. d4 Bf6 28. e5
dxe5 29. dxe5 Be7 30. Rbd1 Qc8 31. Bc3 f6 32. Rg1 Qe8 33. Rd2 Rd8 34. Rgd1 Rxd2
35. Rxd2 g6 36. fxg6 Rxg6 37. Qf4 Qc8+ 38. Kh2 Qg4 39. Qxg4 Rxg4 40. c5 Kg8 41.
Kh3 Rc4 42. Bb2 fxe5 43. Nxe5 Rxh4+ 44. Kg3 Rh5 45. Ng4 Ng5 46. Rd7 Kf8 47.
Rxb7 a5 48. Ne5 Ke8 49. Rb8+ Bd8 50. Nxc6 Rh3+ 51. Kg2 Rd3 52. Rxd8+ Rxd8 53.
Nxd8 axb4 54. axb4 Ne4 55. Nb7 Kd7 56. Na5 Ke6 57. Kf3 Kd5 58. c6 Ng5+ 59. Kf4
Ne6+ 60. Kf5 Kd6 61. Be5+ Ke7 62. c7 1-0